000
00341nam a2200157Ia 4500
003
OSt
005
20240103121534.0
008
170524s9999 xx 000 0 und d
020
_a
9780070585560
040
_c
IIMT UNIVERSITY
100
_a
Bajaj/Mag
245
0
_a
E-Commerce
260
_b
TMH New Delhi
260
_c
2007
942
_2
ddc
_c
02
999
_c
4706
_d
4706